| 000 | 00796nam1a22002291i 4500 | ||
|---|---|---|---|
| 001 | rc\2952547 | ||
| 005 | 20240723222944.0 | ||
| 035 | _a(NLR Aleph) 007100042 | ||
| 090 |
_a6661196 _c6661196 |
||
| 100 | _a20110831d1933 |||y0rusy50 ca | ||
| 101 | 0 | _arus | |
| 102 | _aRU | ||
| 105 | _ay z ||||| | ||
| 200 | 1 |
_aЭлементы благоустройства городов _fинж. А.Е. Страментов |
|
| 210 |
_aМосква _aЛенинград _cГосстройиздат _d1933 _e[Москва] _gтипо-литогр. им. Воровского |
||
| 215 | _d23х15 см | ||
| 700 | 1 |
_aСтраментов _bА.Е. _gАндрей Евгеньевич |
|
| 702 | 1 |
_aРикс _4140 |
|
| 801 | 0 |
_aRU _bNLR _gpsbo |
|
| 801 | 1 |
_aRU _bELAR _2rusmarc |
|
| 852 |
_aNLR _j33-18/83(1) |
||
| 942 | _cBOOK | ||